Encyclopedia of twentieth-century African history / (Record no. 55633)
[ view plain ]
| 000 -LEADER | |
|---|---|
| fixed length control field | 00647nam a22001697a 4500 |
| 008 - FIXED-LENGTH DATA ELEMENTS--GENERAL INFORMATION | |
| fixed length control field | 201202b ||||| |||| 00| 0 eng d |
| 020 ## - INTERNATIONAL STANDARD BOOK NUMBER | |
| International Standard Book Number | 0415234794 (alk. paper) |
| 050 ## - LIBRARY OF CONGRESS CALL NUMBER | |
| Classification number | DT29 |
| Item number | .E53 2003 |
| 245 ## - TITLE STATEMENT | |
| Title | Encyclopedia of twentieth-century African history / |
| Statement of responsibility, etc | editor : Paul Tiyambe Zeleza ; deputy editor, Dickson Eyoh. |
| 260 ## - PUBLICATION, DISTRIBUTION, ETC. (IMPRINT) | |
| Place of publication, distribution, etc | London ; |
| -- | New York : |
| Name of publisher, distributor, etc | Routledge |
| Date of publication, distribution, etc | 2003. |
| 300 ## - PHYSICAL DESCRIPTION | |
| Extent | xxix, 652 p. ; |
| Dimensions | 26 cm. |
| 500 ## - GENERAL NOTE | |
| General note | Includes bibliographical references and index. |
| 651 ## - SUBJECT ADDED ENTRY--GEOGRAPHIC NAME | |
| Relator term | Africa |
| Form subdivision | Encyclopedias. |
| General subdivision | History |
| Chronological subdivision | 20th century |
| 700 ## - ADDED ENTRY--PERSONAL NAME | |
| Personal name | Zeleza, Paul Tiyambe, |
| Dates associated with a name | 1955- |
| 700 ## - ADDED ENTRY--PERSONAL NAME | |
| Personal name | Eyoh, Dickson, |
| Dates associated with a name | 1954- |
| 942 ## - ADDED ENTRY ELEMENTS (KOHA) | |
| Source of classification or shelving scheme | Library of Congress Classification |
| Item type | Book |
| Withdrawn status | Lost status | Source of classification or shelving scheme | Damaged status | Not for loan | Collection code | Home library | Current library | Shelving location | Date acquired | Source of acquisition | Full call number | Barcode | Copy number | Price effective from | Koha item type |
|---|---|---|---|---|---|---|---|---|---|---|---|---|---|---|---|
| Library of Congress Classification | Not For Loan | Non-fiction | Bishop Okullu Memorial Library (Limuru Campus) | Bishop Okullu Memorial Library (Limuru Campus) | Reference | 02/12/2020 | Donations TBN | REF DT29 .E53 2003 | 064583 | 1 | 02/12/2020 | Book |